Propiedades de la materia
| Main Author: | |
|---|---|
| Format: | Section = Libro |
| Language: | Undetermined Spanish |
| Published: |
México
Limusa
1979
|
| Subjects: |
| LEADER | 00475nam a2200181Ia 4500 | ||
|---|---|---|---|
| 008 | 240829s9999 xx 000 0 und d | ||
| 020 | |a 968-18-0118-0 | ||
| 040 | |a BIBLIOTECA-RUPAP 539.1 F644 | ||
| 041 | |a spa | ||
| 082 | |a 539.1 F644 | ||
| 100 | 1 | |a Flower, B.H | |
| 245 | 1 | 0 | |a Propiedades de la materia |
| 260 | |a México |b Limusa |c 1979 | ||
| 300 | |a 358 p. :il. | ||
| 650 | 7 | |a MATERIA-PROPIEDADES. I. Mendoza, E, coaut. II. Tít. | |
| 942 | |c BK |2 ddc | ||
| 991 | |a TEXTO | ||
| 999 | |c 8659 | ||